| 000 | 00724nam a2200193 4500 | ||
|---|---|---|---|
| 001 | 145284 | ||
| 003 | ES-MaACL | ||
| 005 | 20230906201212.0 | ||
| 007 | t| | ||
| 008 | 070214s1973 sp r ||||1| spa d | ||
| 100 | 1 |
_aSoria, José Luis. _9107355 |
|
| 245 | 1 | 0 |
_aCuestiones de medicina pastoral / _cJosé Luis Soria ; revisión y nota bibliográfica de José López Navarro ; versión española de Juan Cardona Pescador y José Antonio García Prieto. |
| 260 |
_aMadrid : _bRialp, _c1973 ( _fTordesillas) |
||
| 300 |
_a375 p. ; _c23 cm. |
||
| 700 | 1 |
_aLópez Navarro, José. _973822 |
|
| 700 | 1 |
_aCardona Pescador, Juan. _935189 |
|
| 700 | 1 |
_aGarcía Prieto, José Antonio. _955136 |
|
| 852 |
_aES-MaACL _jC-52339 _bR.85899 |
||
| 999 |
_c145284 _d145284 |
||